[Event "Scarborough CC Winter End U1800"]
[Site "Toronto"]
[Date "2012.03.01"]
[Round "3"]
[White "Dattani, Dinesh"]
[Black "Xu, Jeffrey"]
[Result "1/2-1/2"]
[WhiteElo "1312"]
[BlackElo "1576"]
[PlyCount "101"]
[EventDate "2012.02.16"]
[EventType "swiss"]
[EventRounds "5"]
[EventCountry "CAN"]
[SourceTitle "EXT 2022"]
[Source "ChessBase"]
[SourceDate "2021.10.06"]
[SourceVersion "1"]
[SourceVersionDate "2021.10.06"]
[SourceQuality "1"]

1. d4 Nf6 2. c4 e6 3. Nc3 Bb4 4. g3 0-0 5. Bg2 c5 6. Nf3 cxd4 7. Nxd4 Bxc3+ 8. bxc3 Qa5 9. Qb3 Nc6 10. 0-0 Re8 11. Nb5 Rd8 12. Bg5 a6 13. Bxf6 gxf6 14. Nd6 Qc5 15. Qd1 Rb8 16. Rb1 f5 17. Qd2 f6 18. Rfd1 Kg7 19. Qf4 Ra8 20. Nxc8 Raxc8 21. Rxb7 Ne5 22. Rd4 Qa3 23. Qd2 Qc5 24. Rdxd7+ Rxd7 25. Rxd7+ Nxd7 26. Qxd7+ Kg6 27. Qxe6 Qxc4 28. Bd5 Qc7 29. e4 fxe4 30. Qg4+ Kh6 31. Bxe4 Rh8 32. Qf5 Qxc3 33. Qh3+ Kg7 34. Qd7+ Kh6 35. Qh3+ Kg7 36. Qd7+ Kf8 37. Bd5 Qe1+ 38. Kg2 Qe7 39. Qc8+ Kg7 40. Qg4+ Kf8 41. Qc8+ Qe8 42. Qxa6 Qe5 43. Qb7 Qe7 44. a4 Qxb7 45. Bxb7 Ke7 46. a5 Kd7 47. a6 Kc7 48. Kf3 Re8 49. Kf4 Re2 50. Kf3 Ra2 51. h4 1/2-1/2

[Event "Scarborough CC Frost U1400"]
[Site "Toronto"]
[Date "2012.01.26"]
[Round "4"]
[White "Ming, Wenyang"]
[Black "Dattani, Dinesh"]
[Result "0-1"]
[WhiteElo "1200"]
[BlackElo "1237"]
[PlyCount "108"]
[EventDate "2012.01.05"]
[EventType "swiss"]
[EventRounds "6"]
[EventCountry "CAN"]
[SourceTitle "EXT 2022"]
[Source "ChessBase"]
[SourceDate "2021.10.06"]
[SourceVersion "1"]
[SourceVersionDate "2021.10.06"]
[SourceQuality "1"]

1. e4 e5 2. Nf3 d6 3. Bc4 Be7 4. d4 exd4 5. Nxd4 Nf6 6. Nc3 0-0 7. 0-0 c6 8. h3 Re8 9. Re1 Nbd7 10. Bf4 Ne5 11. Bxe5 dxe5 12. Nf3 Qc7 13. Ng5 Rf8 14. Qd2 Bd7 15. Rad1 Rad8 16. Qe3 b6 17. Rd3 Bc5 18. Qf3 h6 19. Bxf7+ Rxf7 20. Nxf7 Kxf7 21. Red1 Kg8 22. Na4 Be7 23. a3 c5 24. Nc3 Rf8 25. Qe3 c4 26. Nd5 Nxd5 27. Rxd5 Bc6 28. Qd2 Bxd5 29. Qxd5+ Kh7 30. Qd7 Qxd7 31. Rxd7 Bc5 32. Rxa7 Rxf2 33. Kh2 Rxc2 34. Ra4 b5 35. Ra5 Rxb2 36. a4 Bb6 37. Ra8 bxa4 38. Rxa4 c3 39. Rc4 Bd4 40. Kg3 Kg6 41. Kf3 Kg5 42. Kg3 Rf2 43. Rxc3 Bxc3 44. Kxf2 Kf4 45. g3+ Kxe4 46. Ke2 g5 47. Kf2 Kd3 48. h4 gxh4 49. gxh4 e4 50. h5 e3+ 51. Kg2 e2 52. Kh2 e1Q 53. Kg2 Be5 54. Kh3 Qg3# 0-1

[Event "Scarborough CC Frost U1700"]
[Site "Toronto"]
[Date "2010.02.11"]
[Round "6"]
[White "Dattani, Dinesh"]
[Black "Vyravanathan, Sobiga"]
[Result "0-1"]
[WhiteElo "1407"]
[BlackElo "1116"]
[PlyCount "75"]
[EventDate "2010.01.07"]
[EventType "swiss"]
[EventRounds "6"]
[EventCountry "CAN"]
[SourceTitle "EXT 2011"]
[Source "ChessBase"]
[SourceDate "2010.11.26"]
[SourceVersion "1"]
[SourceVersionDate "2010.11.26"]
[SourceQuality "1"]

1. e4 e5 2. Nf3 Nc6 3. d4 exd4 4. Nxd4 Nxd4 5. Qxd4 Nf6 6. e5 Ng8 7. Nc3 Ne7 8. Bg5 Nc6 9. Qe3 Be7 10. Nd5 Bxg5 11. Nxc7+ Qxc7 12. Qxg5 Qxe5+ 13. Qxe5+ Nxe5 14. 0-0-0 0-0 15. Bb5 a6 16. Ba4 b5 17. Bb3 Bb7 18. f3 Bc6 19. h4 a5 20. a3 Nxf3 21. Rh3 Ne5 22. Re3 Rfe8 23. Rde1 d6 24. Rd1 a4 25. Ba2 Rad8 26. g3 Ng4 27. Rc3 Ba8 28. Rc7 d5 29. Rf1 Nf6 30. Rf5 Re1+ 31. Kd2 Ra1 32. g4 Rxa2 33. g5 Ne4+ 34. Kd3 Rf8 35. h5 g6 36. hxg6 hxg6 37. Re5 Ra1 38. Ree7 0-1

[Event "Scarborough CC Falling Leaves U1700"]
[Site "Toronto"]
[Date "2009.12.03"]
[Round "5"]
[White "Rogers, Michael"]
[Black "Dattani, Dinesh"]
[Result "0-1"]
[WhiteElo "1450"]
[BlackElo "1365"]
[PlyCount "46"]
[EventDate "2009.11.05"]
[EventType "swiss"]
[EventRounds "7"]
[EventCountry "CAN"]
[SourceTitle "EXT 2011"]
[Source "ChessBase"]
[SourceDate "2010.11.26"]
[SourceVersion "1"]
[SourceVersionDate "2010.11.26"]
[SourceQuality "1"]

1. e4 e5 2. Nf3 Nc6 3. Bc4 Bc5 4. 0-0 Nf6 5. d4 exd4 6. e5 Ng4 7. Bf4 d5 8. exd6 Qf6 9. Re1+ Be6 10. Bg5 Qf5 11. Bxe6 fxe6 12. h3 Nxf2 13. d7+ Kxd7 14. Kxf2 Rhf8 15. Kf1 Qxg5 16. c3 e5 17. Nbd2 Qg6 18. Ne4 Bb6 19. b4 Rad8 20. Qb3 Kc8 21. c4 d3 22. Re3 Bxe3 23. Rd1 Qxe4 0-1

[Event "Toronto Howard Ridout op U1700"]
[Site "Toronto"]
[Date "2009.10.22"]
[Round "7"]
[White "Veecock, Carl"]
[Black "Dattani, Dinesh"]
[Result "1-0"]
[WhiteElo "1641"]
[BlackElo "1412"]
[PlyCount "70"]
[EventDate "2009.09.10"]
[EventType "swiss"]
[EventRounds "8"]
[EventCountry "CAN"]
[SourceTitle "EXT 2011"]
[Source "ChessBase"]
[SourceDate "2010.11.26"]
[SourceVersion "1"]
[SourceVersionDate "2010.11.26"]
[SourceQuality "1"]

1. Nf3 Nf6 2. g3 d5 3. Bg2 Nc6 4. 0-0 e5 5. d3 Bc5 6. c3 h6 7. d4 exd4 8. cxd4 Bb6 9. Nc3 a6 10. Ne5 Bxd4 11. Nxc6 bxc6 12. Qxd4 0-0 13. e4 Bb7 14. exd5 cxd5 15. b3 Re8 16. Bf4 c6 17. Rfe1 Qa5 18. b4 Qd8 19. Rxe8+ Qxe8 20. Be5 Nh5 21. Bd6 Qd7 22. Bc5 Re8 23. a4 Nf6 24. Kf1 Ng4 25. Kg1 Ne5 26. Ne2 Qf5 27. Nf4 g5 28. Nh5 Qg6 29. g4 Bc8 30. f4 Nxg4 31. h3 Ne3 32. Nf6+ Kg7 33. Nxe8+ Kh7 34. Nf6+ Kg7 35. Qxe3 gxf4 1-0

[Event "Toronto Howard Ridout op U1700"]
[Site "Toronto"]
[Date "2009.10.01"]
[Round "4"]
[White "Dattani, Dinesh"]
[Black "Yie, Kevin Yi Xiao"]
[Result "1-0"]
[WhiteElo "1412"]
[BlackElo "956"]
[PlyCount "49"]
[EventDate "2009.09.10"]
[EventType "swiss"]
[EventRounds "8"]
[EventCountry "CAN"]
[SourceTitle "EXT 2011"]
[Source "ChessBase"]
[SourceDate "2010.11.26"]
[SourceVersion "1"]
[SourceVersionDate "2010.11.26"]
[SourceQuality "1"]

1. d4 Nf6 2. c4 g6 3. Nc3 Bg7 4. e4 d6 5. Nf3 0-0 6. Be2 Re8 7. 0-0 e5 8. d5 c6 9. Bg5 Nbd7 10. dxc6 bxc6 11. Qxd6 Re6 12. Qd2 Qb6 13. Be3 Qb8 14. Rad1 Ba6 15. b3 Qb4 16. Qc2 Ng4 17. Rxd7 Nxe3 18. fxe3 Qb6 19. Qd3 Qa5 20. Ng5 Rf6 21. Rxf6 Bxf6 22. Nxf7 Bg5 23. Nxg5 Bc8 24. Re7 Qa3 25. Qd8# 1-0

[Event "Canadian op"]
[Site "Edmonton"]
[Date "2009.07.14"]
[Round "4.89"]
[White "Dattani, Dinesh"]
[Black "Robertson, Trevor"]
[Result "0-1"]
[WhiteElo "1380"]
[BlackElo "1651"]
[PlyCount "52"]
[EventDate "2009.07.11"]
[EventType "swiss"]
[EventRounds "9"]
[EventCountry "CAN"]
[SourceTitle "EXT 2022"]
[Source "ChessBase"]
[SourceDate "2021.10.06"]
[SourceVersion "1"]
[SourceVersionDate "2021.10.06"]
[SourceQuality "1"]

1. e4 e6 2. d4 d5 3. Nc3 dxe4 4. Nxe4 Nf6 5. Ng3 c5 6. Nf3 Nc6 7. c3 cxd4 8. cxd4 Bb4+ 9. Bd2 Qa5 10. Be2 0-0 11. 0-0 Rd8 12. Be3 e5 13. a3 Bf8 14. b4 Qc7 15. Rc1 Qe7 16. Rc4 Be6 17. Rxc6 bxc6 18. Nxe5 Qb7 19. Bf3 Bd5 20. Qd3 Bxf3 21. Nxf3 Qb5 22. Qb3 Rd5 23. Rc1 a5 24. Ne5 axb4 25. Rxc6 Rxa3 26. Qxb4 Qxb4 0-1

[Event "Canadian op"]
[Site "Edmonton"]
[Date "2009.07.12"]
[Round "2"]
[White "Dattani, Dinesh"]
[Black "Mackey, John"]
[Result "0-1"]
[WhiteElo "1380"]
[BlackElo "1700"]
[PlyCount "68"]
[EventDate "2009.07.11"]
[EventType "swiss"]
[EventRounds "9"]
[EventCountry "CAN"]
[SourceTitle "CBM 132 Extra"]
[Source "ChessBase"]
[SourceDate "2009.11.03"]
[SourceVersion "1"]
[SourceVersionDate "2009.11.03"]
[SourceQuality "1"]

1. e4 c6 2. d4 d5 3. Nc3 dxe4 4. Nxe4 Bf5 5. Ng3 Bg6 6. Nf3 Nd7 7. Bd3 e6 8. 0-0 Ngf6 9. Re1 Qc7 10. c3 Bd6 11. Nf1 0-0-0 12. h3 e5 13. Ng5 Rhf8 14. Bxg6 hxg6 15. Qb3 exd4 16. cxd4 Nd5 17. Bd2 N7f6 18. a4 Bf4 19. Bxf4 Qxf4 20. Nf3 g5 21. a5 g4 22. a6 b6 23. Ne5 Kc7 24. Rac1 Rd6 25. Qc4 gxh3 26. Nxc6 Ng4 27. Ne5+ Kb8 28. Nxg4 Qxg4 29. Ne3 Qd7 30. Nf5 Qxf5 31. Re7 Rd7 32. Re5 Qg4 33. g3 Qf3 34. Qf1 h2+ 0-1

[Event "Scarborough CC Spring op U1700"]
[Site "Toronto"]
[Date "2009.06.18"]
[Round "8"]
[White "Dattani, Dinesh"]
[Black "Pishdad, Hassan"]
[Result "0-1"]
[WhiteElo "1423"]
[BlackElo "1382"]
[PlyCount "63"]
[EventDate "2009.04.30"]
[EventType "swiss"]
[EventRounds "9"]
[EventCountry "CAN"]
[SourceTitle "EXT 2011"]
[Source "ChessBase"]
[SourceDate "2010.11.26"]
[SourceVersion "1"]
[SourceVersionDate "2010.11.26"]
[SourceQuality "1"]

1. e4 c5 2. Nf3 Nc6 3. d4 Nxd4 4. Nxd4 cxd4 5. Qxd4 e6 6. Bb5 a6 7. Ba4 b5 8. Bb3 Bb7 9. Bd2 Qc7 10. 0-0 e5 11. Qd3 Nf6 12. Nc3 Bc5 13. Nd5 Nxd5 14. Bxd5 d6 15. Rad1 Bxd5 16. Qxd5 0-0 17. Kh1 Rad8 18. f4 b4 19. c3 Qb6 20. cxb4 Bxb4 21. Qb3 Bc5 22. Rf3 Qc6 23. Qc2 Qe8 24. Ba5 Rc8 25. Qd3 Qb5 26. Bc3 f6 27. Qd5+ Kh8 28. Qe6 Qe2 29. Rdf1 Qxe4 30. fxe5 Rce8 31. Rxf6 gxf6 32. exf6 0-1